| 000 | 00878nam a22001337a 4500 | ||
|---|---|---|---|
| 040 | _cRUA | ||
| 082 | _aFIS YOE 2022 B473 Or. | ||
| 100 | _aYOEURN SREYNI,យឿន ស្រីនិ | ||
| 245 | _aTHE PRESENCE OF METACERCARIAE TREMATODE(Haplorchiodes mehrai)IN SIL VER BARB(Barbonumus gonionotus) AND RED-TAILED TINFOIL(Barbonymus altus) FROM RIVER MARKET AND AQUACULTURE,វត្តមានដង្កូវប៉ារ៉ាស៊ីត Haplorchoides mehrai នៅក្នុងត្រីឆ្ពិនប្រាក់ និងត្រីកាហែដែលមានប្រភពមកពីទន្លេ ទីផ្សារ និងវារីវប្បកម្ម | ||
| 260 |
_aphnom penh _brua _c2022 |
||
| 300 |
_axi.37p. _bill. _c29cm. |
||
| 856 | _uhttps://drive.google.com/file/d/1pRCxiqFueHfKkNMHW5hfMPIdG8LHGu7O/view?usp=sharing | ||
| 942 | _cFIS | ||
| 999 |
_c22604 _d22604 |
||